000 00429nam a2200145Ia 4500
008 100204s9999 xx 000 0 und d
082 _b1437
100 _aकुलकर्णी गोपाळ दत्त
245 _aविराट
260 _b"सुरस प्रकाशन , सोलापूर"
_c1974
300 _a84
630 _aविराट
730 _aविराट
942 _cBOOK
999 _c446599
_d446596